书目信息 |
| 题名: |
四书五经
|
|
| 作者: | 孔子 原著 ;孟陶宁 主编 | |
| 分册: | ||
| 出版信息: | 长春 北方妇女儿童出版社 2018 |
|
| 页数: | 362页 | |
| 开本: | 23cm | |
| 丛书名: | 中国古典名著系列丛书 | |
| 单 册: | ||
| 中图分类: | B222.1 , B222.12 , B222.14 , Z126.1 | |
| 科图分类: | ||
| 主题词: | 四书--注释 , 五经--注释 , 四书--译文 , 五经--译文 | |
| 电子资源: | ||
| ISBN: | 978-7-5385-5271-3 | |
| 000 | 01202oam2 2200349 45 | |
| 001 | 012001012082 | |
| 005 | 20141123163731.0 | |
| 010 | @a978-7-5385-5271-3@dCNY32.80 | |
| 100 | @a20120227d2011 em y0chiy0110 ea | |
| 101 | 0 | @achi |
| 102 | @aCN@b220000 | |
| 105 | @aa z 000yy | |
| 106 | @ar | |
| 200 | 1 | @a四书五经@9si shu wu jing@f(春秋)孔子原著@g孟陶宁主编 |
| 210 | @a长春@c北方妇女儿童出版社@d2018 | |
| 215 | @a362页@c图@d23cm | |
| 225 | 2 | @a中国古典名著系列丛书 |
| 300 | @a国学传世经典 双色版 精编插图 | |
| 330 | @a《四书五经》是“四书”和“五经”的合称,是中国儒家经典的书籍。“四书”指的是《论语》《孟子》《大学》和《中庸》;“五经”指的是《诗经》、《尚书》、《礼记》、《周易》和《春秋》。本书对四书五经的每一篇都进行了概述,在此基础上收录原文、注释和译文。 | |
| 461 | 0 | @12001 @a中国古典名著系列丛书 |
| 606 | 0 | @a四书@x注释 |
| 606 | 0 | @a五经@x注释 |
| 606 | 0 | @a四书@x译文 |
| 606 | 0 | @a五经@x译文 |
| 690 | @aB222.1@v4 | |
| 690 | @aB222.12@v4 | |
| 690 | @aB222.14@v4 | |
| 690 | @aZ126.1@v4 | |
| 701 | 0 | @c(春秋)@a孔子@9kong zi@f(前551~前479)@4原著 |
| 702 | 0 | @a孟陶宁@9meng tao ning@4主编 |
| 801 | 0 | @aCN@b上海新华@c20191020 |
| 905 | @b1184954-7@dB222.1@e919@f4 | |
| 四书五经/(春秋)孔子原著/孟陶宁主编.-长春:北方妇女儿童出版社,2018 |
| 362页:图;23cm.-(中国古典名著系列丛书) |
| 国学传世经典 双色版 精编插图 |
| ISBN 978-7-5385-5271-3:CNY32.80 |
| 《四书五经》是“四书”和“五经”的合称,是中国儒家经典的书籍。“四书”指的是《论语》《孟子》《大学》和《中庸》;“五经”指的是《诗经》、《尚书》、《礼记》、《周易》和《春秋》。本书对四书五经的每一篇都进行了概述,在此基础上收录原文、注释和译文。 |
| ● |
| 相关链接 |
|
|
|
|
正题名:四书五经
索取号:B222.1/919
 
预约/预借
| 序号 | 登录号 | 条形码 | 馆藏地/架位号 | 状态 | 备注 |
| 1 | 1184954 | 211849543 | 第一样本阅览室/ [索取号:B222.1/919] | 在馆 | |
| 2 | 1184955 | 211849552 | 第一借阅区/ [索取号:B222.1/919] | 在馆 | |
| 3 | 1184956 | 211849561 | 第一借阅区/ [索取号:B222.1/919] | 在馆 | |
| 4 | 1184957 | 211849570 | 第一借阅区/ [索取号:B222.1/919] | 在馆 |